H D Velankar commemoration volume (Record no. 150435)

MARC details
000 -LEADER
fixed length control field 00765nam a2200229Ia 4500
003 - CONTROL NUMBER IDENTIFIER
control field OSt
005 - DATE AND TIME OF LATEST TRANSACTION
control field 20220918173842.0
008 - FIXED-LENGTH DATA ELEMENTS--GENERAL INFORMATION
fixed length control field 220917b |||||||| |||| 00| 0 eng d
037 ## - SOURCE OF ACQUISITION
Terms of availability Textual
040 ## - CATALOGING SOURCE
Original cataloging agency ARTS
Transcribing agency ARTS
Language of cataloging eng
041 ## - LANGUAGE CODE
Source of code eng
Language code of text/sound track or separate title eng
100 ## - MAIN ENTRY--PERSONAL NAME
Personal name Gajendragadkar S N
9 (RLIN) 47871
245 #0 - TITLE STATEMENT
Title H D Velankar commemoration volume
Remainder of title a volume of indological studies by his students presented to Prof H D Velankar on the occasion of his 72nd birthday on the 3rd October 1965
260 ## - PUBLICATION, DISTRIBUTION, ETC.
Date of publication, distribution, etc. 1962
700 ## - ADDED ENTRY--PERSONAL NAME
Personal name Upadhyaya S A ed
9 (RLIN) 47872
942 ## - ADDED ENTRY ELEMENTS (KOHA)
Classification part 902jM93, K5-;1-;2
Koha item type Textual
Source of classification or shelving scheme Colon Classification (CC)
Holdings
Withdrawn status Lost status Damaged status Not for loan Home library Current library Date acquired Total Checkouts Full call number Barcode Date last seen Price effective from Koha item type
        Arts Library Arts Library 2022-09-18   902jM93 K5-;1-;2 AL0253663 2022-09-18 2022-09-18 Textual
Copyright @ Delhi University Library System